Random Countries by Internet Country Codes - Statistics

General Stats
  • This quiz has been taken 19 times
  • The average score is 10 of 20
Answer Stats
Domain Answer % Correct
.al Albania
100%
.au Australia
100%
.bb Barbados
100%
.be Belgium
100%
.bj Benin
100%
.bn Brunei
100%
.cn China
100%
.dj Djibouti
100%
.ec Ecuador
100%
.er Eritrea
100%
.ee Estonia
100%
.fm Federated States of Micronesia
100%
.fj Fiji
100%
.gm Gambia
100%
.gr Greece
100%
.in India
100%
.iq Iraq
100%
.jm Jamaica
100%
.jp Japan
100%
.ke Kenya
100%
.kw Kuwait
100%
.lb Lebanon
100%
.lr Liberia
100%
.mg Madagascar
100%
.mh Marshall Islands
100%
.na Namibia
100%
.np Nepal
100%
.nz New Zealand
100%
.ni Nicaragua
100%
.pg Papua New Guinea
100%
.ph Philippines
100%
.qa Qatar
100%
.ru Russia
100%
.st São Tomé and Príncipe
100%
.sa Saudi Arabia
100%
.sb Solomon Islands
100%
.za South Africa
100%
.kr South Korea
100%
.vc St. Vincent and the Grenadines
100%
.tw Taiwan
100%
.to Tonga
100%
.us United States of America
100%
.uy Uruguay
100%
.zw Zimbabwe
100%
.mx Mexico
67%
.az Azerbaijan
50%
.bf Burkina Faso
50%
.kh Cambodia
50%
.eg Egypt
50%
.sv El Salvador
50%
.mr Mauritania
50%
.mz Mozambique
50%
.cg Republic of the Congo
50%
.sl Sierra Leone
50%
.es Spain
50%
.vn Vietnam
50%
.af Afghanistan
0%
.dz Algeria
0%
.ad Andorra
0%
.ao Angola
0%
.ag Anitgua and Barbuda
0%
.ar Argentina
0%
.am Armenia
0%
.at Austria
0%
.bs Bahamas
0%
.bh Bahrain
0%
.bd Bangladesh
0%
.by Belarus
0%
.bz Belize
0%
.bt Bhutan
0%
.bo Bolivia
0%
.ba Bosnia and Herzegovina
0%
.bw Botswana
0%
.br Brazil
0%
.bg Bulgaria
0%
.bi Burundi
0%
.cm Cameroon
0%
.ca Canada
0%
.cv Cape Verde
0%
.cf Central African Republic
0%
.td Chad
0%
.cl Chile
0%
.co Colombia
0%
.km Comoros
0%
.cr Costa Rica
0%
.ci Côte d’Ivoire
0%
.hr Croatia
0%
.cu Cuba
0%
.cy Cyprus
0%
.cz Czech Republic
0%
.cd Democratic Republic of the Congo
0%
.dk Denmark
0%
.do Domincan Republic
0%
.dm Dominica
0%
.gq Equatorial Guinea
0%
.sz Eswatini
0%
.et Ethiopia
0%
.fi Finland
0%
.fr France
0%
.ga Gabon
0%
.ge Georgia
0%
.de Germany
0%
.gh Ghana
0%
.gd Grenada
0%
.gt Guatemala
0%
.gn Guinea
0%
.gw Guinea Bissau
0%
.gy Guyana
0%
.ht Haiti
0%
.hn Honduras
0%
.hu Hungary
0%
.is Iceland
0%
.id Indonesia
0%
.ir Iran
0%
.ie Ireland
0%
.il Israel
0%
.it Italy
0%
.jo Jordan
0%
.kz Kazakhstan
0%
.ki Kiribati
0%
.kg Kyrgyzstan
0%
.la Laos
0%
.lv Latvia
0%
.ls Lesotho
0%
.ly Libya
0%
.li Liechtenstein
0%
.lt Lithuania
0%
.lu Luxembourg
0%
.mw Malawi
0%
.my Malaysia
0%
.mv Maldives
0%
.ml Mali
0%
.mt Malta
0%
.mu Mauritius
0%
.md Moldova
0%
.mc Monaco
0%
.mn Mongolia
0%
.me Montenegro
0%
.ma Morocco
0%
.mm Myanmar
0%
.nr Nauru
0%
.nl Netherlands
0%
.ne Niger
0%
.ng Nigeria
0%
.kp North Korea
0%
.mk North Macedonia
0%
.no Norway
0%
.om Oman
0%
.pk Pakistan
0%
.pw Palau
0%
.pa Panama
0%
.py Paraguay
0%
.pe Peru
0%
.pl Poland
0%
.pt Portugal
0%
.ro Romania
0%
.rw Rwanda
0%
.ws Samoa
0%
.sm San Marino
0%
.sn Senegal
0%
.rs Serbia
0%
.sc Seychelles
0%
.sg Singapore
0%
.sk Slovakia
0%
.si Slovenia
0%
.so Somalia
0%
.ss South Sudan
0%
.lk Sri Lanka
0%
.kn St. Kitts and Nevis
0%
.lc St. Lucia
0%
.sd Sudan
0%
.sr Suriname
0%
.se Sweden
0%
.ch Switzerland
0%
.sy Syria
0%
.tj Tajikistan
0%
.tz Tanzania
0%
.th Thailand
0%
.tl Timor-Leste
0%
.tg Togo
0%
.tt Trinidad and Tobago
0%
.tn Tunisia
0%
.tr Turkey
0%
.tm Turkmenistan
0%
.tv Tuvalu
0%
.ug Uganda
0%
.ua Ukraine
0%
.ae United Arab Emirates
0%
.uk United Kingdom
0%
.uz Uzbekistan
0%
.vu Vanuatu
0%
.va Vatican City
0%
.ve Venezuela
0%
.ye Yemen
0%
.zm Zambia
0%
No matching quizzes found
Score Distribution
Percent of People with Each Score
Percentile by Number Answered
Your Score History
You have not taken this quiz